| 000 | 00628cam a2200205 i 4500 | ||
|---|---|---|---|
| 020 | _a9789251074763 | ||
| 040 | _cDLC | ||
| 082 | _a822 KAN 2013 A097 Or. | ||
| 100 | 1 | _aKant, Promode, | |
| 245 | 1 | 0 | _aGuidelines for formulating national forest financing strategies / |
| 300 |
_aix, 164 pages ; _c27 cm |
||
| 500 | _a"Bangkok 2013." | ||
| 650 | 0 | _aSustainable forestry | |
| 650 | 0 | _aSustainable forestry | |
| 650 | 0 | _aForests and forestry | |
| 650 | 0 | _aForests and forestry | |
| 710 | 2 | _aFAO Regional Office for Asia and the Pacific. | |
| 856 | 4 | 1 | _uhttp://www.loc.gov/catdir/toc/fy13pdf06/2013308630.html |
| 942 | _cEK | ||
| 999 |
_c14758 _d14758 |
||